Personnages de fiction par couleur de cheveux - Roux - Statistiques

Statistiques générales
  • Ce quiz a été pris 88 fois
  • Le résultat moyen est 10 sur 20
Statistiques - réponses
Par images Réponse % Correct
Ron Weasley
99%
Fiona
96%
Spirou
94%
Daphné Blake
83%
Merida
72%
Kim Possible
71%
Dexter
65%
Fifi Brindacier
63%
Ondine
62%
Chapelier Fou
60%
Jessica Rabbit
50%
Gimli
46%
Leeloo
33%
Aloy
26%
Orihime Inoue
26%
Abraham Ford
17%
Ygritte
17%
Raphtalia
12%
Summer Smith
12%
Triss Merigold
9%
Aucun quiz correspondant
Distribution des résultats
% des personnes avec chaque résultat
Percentile par nombre de réponses
Votre historique - résultats
Vous n’avez pas pris ce quiz